| 000 | 01918 a2200253 4500 | ||
|---|---|---|---|
| 001 | 48106 | ||
| 005 | 20260407155747.0 | ||
| 008 | 260407a2017 arg spa d | ||
| 003 | AR-UNSa-BCEJYS | ||
| 040 |
_aAR-UNSa-BCEJYS _bspa _cAR-UNSa-BCEJYS |
||
| 080 |
_a330.101.541 _xMacroeconomía |
||
| 245 | 1 | 0 | _aMacroeconomía |
| 020 | _a978-84-9035-535-0 | ||
| 250 | _a7a. ed. | ||
| 264 | 1 |
_aMadrid : _bPearson Educación _c2017 |
|
| 300 |
_axxii, 510 p. _c27 cm. |
||
| 505 | _a1. Una gira por el mundo - 2. Una gira por el libro - 3. El mercado de bienes - 4. Los mercados financieros - 5. Los mercados de bienes y financieros: el modelo IS-LM - 6. Los mercados financieros II: el modelo IS-LM ampliado - 7. El mercado de trabajo - 8. La curva de Phillips, la tasa natural de desempleo y la inflación - 9. Del corto al medio plazo: el modelo IS-LM-PC - 10. Los hechos del crecimiento - 11. El ahorro, la acumulación del capital y la producción - 12. El proceso tecnológico y el crecimiento - 13. El progreso tecnológico: el corto, el medio y el largo plazo - 14. Los mercados financieros y las expectativas - 15. Las expectativas, el consumo y la inversión - 16. Las expectativas, la producción y la política macroeconómica - 17. La apertura de los mercados de bienes y financieros - 18. El mercado de bienes en una economía abierta - 19. La producción, el tipo de interés y el tipo de cambio - 20. Los sistemas de tipo de cambio - 21. ¿Deben imponerse límites a las autoridades económicas? - 22. La política fiscal: recapitulación - 23. La política monetaria: recapitulación - 24. Epílogo: la historia de la macroeconomía - | ||
| 041 | _aspa | ||
| 942 | _cBK | ||
| 590 | _aniveau_biblio:m niveau_hierar:0 | ||
| 100 | 1 | _aBlanchard, Olivier | |
| 700 | 1 | _aGarcía de Paso, José Isidoro | |
| 856 | 4 | 1 |
_uhttps://www.biblioeco.unsa.edu.ar/pmb/images/libros/L127840.jpg _yImagen de portada _qimage/jpeg |
| 999 |
_c4545 _d4545 |
||